| 000 | 00352 a2200157 4500 | ||
|---|---|---|---|
| 001 | 157249 | ||
| 020 | _a8532250289 | ||
| 040 | _cEscola São Tomás de Aquino | ||
| 100 | _aJOSÉ, Elias | ||
| 240 | 1 | 0 |
_aDe olho nos bichos _lpor |
| 245 | 1 | 0 | _aDe olho nos bichos |
| 300 | _a46 p. | ||
| 362 | 0 | _a2003 | |
| 697 | _a*LITERATURA INFANTO | ||
| 942 | _cBK | ||
| 999 |
_c157249 _d157249 |
||